000 01889nam a2200277Ia 4500
003 OSt
005 20210729124049.0
008 210310s2013 ck gr 000 0 spa d
020 _a9789587493153
040 _aCO-JMCR
_cCO-JMCR
041 0 _aspa
082 0 4 _a332.11 /
_bM177c
_223
100 1 _aMartínez Neira, Néstor Humberto,
_eautor
_927196
245 1 0 _aCatedra sobre el Banco de la Republica :
_bantecedentes y régimen funcional /
_cNéstor Humberto Martínez Neira
250 _aPrimera edición
260 _aBogotá :
_bIbañez,
_c2014.
300 _a126 páginas ;
_c23 cm.
490 0 _aCatedra Bancolombia.
500 _a#N/A
504 _aBibliografía : páginas123-126.
505 0 _tEl árbitro. /
_rThomas Clay. --
_tAnálisis económico del derecho societario. /
_rFrancisco Reyes Villamizar. --
_tLa operación de leasing en Colombia y las tendencias internacionales de la figura. /
_rJorge Villegas Betancur. --
_tAutorregulación y debido proceso: análisis de la función disciplinaria y del proceso disciplinario de AMV desde la óptica de los postulados del debido procesos. /
_rEver Leonel Ariza Marín. --
_tEmisión de valores de residentes colombianos en el exterior y de extranjeros en Colombia. /
_rCarlos Fradique Méndez L.
_tSociedad por acciones simplificada (SAS). Novedades, aciertos y desaciertos. /
_rFelipe Andrés Cuberos de las Casas. --
_tEl régimen especial de integraciones empresariales para el sistema financiero y asegurador. /
_rAlfonso Miranda Londoño. --
_tBanco de la República: antecedentes y régimen funcional. /
_rHumberto Martínez Neira. --
_tApuntes de derecho penal económico Coordinadores Académicos. /
_rAndrés Fernando Ramírez.
650 1 4 _aBanco de la República
_927198
650 2 4 _aDerecho económico
_zColombia
_913040
650 2 4 _aDerecho monetario
_zColombia
_938884
942 _2ddc
_cBK
999 _c12065
_d12065